Gaming Quiz

Random Gaming or Popular Quiz
Score 0/15 Timer 01:00
0 Plays Today
Hint Answer % Correct
MicrosoftXbox
96.9%
MicrosoftXbox 360
93%
SonyPS3
86.8%
NintendoWii
86.8%
SonyPS2
84.5%
SonyPlay Station
75.2%
NintendoWii U
65.1%
SonyPS4
61.2%
Hint Answer % Correct
NintendoDS
60.5%
NintendoGameCube
58.9%
MicrosoftXbox One
57.4%
Nintendo3DS
53.5%
SonyPSP
50.4%
NintendoDSi
36.4%
NintendoDSi XL
8.5%
Remove Ads.
Support Sporcle.
Get the best of Sporcle when you Go Orange. This ad-free experience offers more features, more stats, and more fun while also helping to support Sporcle. Thank you for becoming a member.

You're not logged in!

Compare scores with friends on all Sporcle quizzes.
OR
Log In

Show Comments

Extras

Top Quizzes Today


Score Distribution

Your Account Isn't Verified!

In order to create a playlist on Sporcle, you need to verify the email address you used during registration. Go to your Sporcle Settings to finish the process.

Report this User

Report this user for behavior that violates our Community Guidelines.

Details: